Papel de liha. (Record no. 113863)
[ view plain ]
| 000 -LEADER | |
|---|---|
| fixed length control field | 00325nam a2200133 a 4500 |
| 005 - DATE AND TIME OF LATEST TRANSACTION | |
| control field | 20140414132041.0 |
| 008 - FIXED-LENGTH DATA ELEMENTS--GENERAL INFORMATION | |
| fixed length control field | 100828s19uu xx 00 eng d |
| 050 ## - LIBRARY OF CONGRESS CALL NUMBER | |
| Classification number | BB |
| Item number | P21 2009 |
| 100 ## - MAIN ENTRY--PERSONAL NAME | |
| Personal name | Remigio, Ompong |
| 245 ## - TITLE STATEMENT | |
| Title | Papel de liha. |
| 260 ## - PUBLICATION, DISTRIBUTION, ETC. (IMPRINT) | |
| Place of publication, distribution, etc | Manila, Philippines : |
| Name of publisher, distributor, etc | Adarna, |
| Date of publication, distribution, etc | 2009. |
| 440 ## - SERIES STATEMENT/ADDED ENTRY--TITLE | |
| Title | |
| Withdrawn status | Lost status | Damaged status | Home library | Current library | Shelving location | Date acquired | Total Checkouts | Full call number | Barcode | Date last seen | Price effective from | Koha item type |
|---|---|---|---|---|---|---|---|---|---|---|---|---|
| Munich Library | Munich Library | Big Books Section | 03/23/2011 | BB P21 2009 | M5519 | 04/14/2014 | 04/14/2014 | Books |